La Campanya per la normalització lingüística de Catalunya : 1982 : [memòria] / Generalitat de Catalunya. Direcció General de Política Lingüística. Servei de Normalització de l'Ús Oficial de la Llengua Catalana 1982 :
Descripción Física:
234 p. : il., negre i col. ; 29 cm
MARC
| LEADER | 00000nam a2200000Ia 4500 | ||
|---|---|---|---|
| 001 | 1346 | ||
| 008 | 160829s1983 xx 000 0 cat d | ||
| 080 | |a L-1-6 | ||
| 110 | 1 | |a Catalunya. |b Servei de Normalització de l'Ús Oficial de la Llengua Catalana |9 56004 | |
| 245 | |a La Campanya per la normalització lingüística de Catalunya : |b 1982 : |b [memòria] / Generalitat de Catalunya. Direcció General de Política Lingüística. Servei de Normalització de l'Ús Oficial de la Llengua Catalana | ||
| 260 | |a Barcelona : |b Departament de Cultura, |c 1983 | ||
| 300 | |a 234 p. : |b il., negre i col. ; |c 29 cm | ||
| 650 | |a Català |x Normalització |9 31654 | ||
| 650 | |a Catalunya |x Política lingüística |9 23187 | ||
| 710 | 2 | |a Catalunya. |b Departament de Cultura |9 52819 | |
| 901 | |a Arxiu | ||
| 942 | |n 1 | ||
| 952 | |0 0 |1 0 |4 0 |6 L16 |7 1 |9 45711 |a Arxiu |b Arxiu |d 2016-12-01 |l 0 |o L-1-6 |p 1346 |r 2016-12-01 00:00:00 |w 2016-12-01 |y ARXIU | ||
| 999 | |c 49211 |d 49211 | ||